Ariana Grande quiz :) - Statistics

General Stats
  • This quiz has been taken 155 times
  • The average score is 7 of 8
Answer Stats
Hint Answer % Correct
What role did Ariana play in the Nickelodeon television series Victorious? Cat
100%
Ariana Grande’s age? 29
89%
What are Ariana's fans called? Arianators
88%
What was Ariana's first studio album? Yours truly
87%
What is Ariana Grande’s full name? Ariana Grande-Butera
84%
Ariana’s husband? Dalton gomez
83%
Where was Ariana born? Florida
78%
How tall is Ariana Grande without heels? 5’0”
43%
No matching quizzes found
Score Distribution
Percent of People with Each Score
Percentile by Number Answered
Your Score History
You have not taken this quiz